[Event "Assiut Upper Egypt"]
[Site "Assiut"]
[Date "2011.10.15"]
[Round "5"]
[White "Aly, Mohamed Hussein"]
[Black "Yusef, Fady"]
[Result "0-1"]
[WhiteElo "1978"]
[BlackElo "1725"]
[PlyCount "34"]
[EventDate "2011.10.13"]
[EventType "tourn"]
[EventRounds "9"]
[EventCountry "EGY"]
[SourceTitle "EXT 2019"]
[Source "ChessBase"]
[SourceDate "2018.10.10"]
[SourceVersion "1"]
[SourceVersionDate "2018.10.10"]
[SourceQuality "1"]

1. d4 f5 2. h3 Nf6 3. Qd3 d5 4. g4 fxg4 5. hxg4 Bxg4 6. Bh3 Qd7 7. Nc3 Nc6 8. a3 0-0-0 9. Bf4 h6 10. f3 Bxh3 11. Nxh3 e6 12. 0-0-0 Bd6 13. Bxd6 Qxd6 14. Kb1 e5 15. Nb5 Qd7 16. dxe5 Nxe5 17. Qe3 Nc6 0-1

[Event "Assiut Upper Egypt"]
[Site "Assiut"]
[Date "2011.10.15"]
[Round "4"]
[White "Salem, Sameh"]
[Black "Aly, Mohamed Hussein"]
[Result "0-1"]
[WhiteElo "1911"]
[BlackElo "1978"]
[PlyCount "61"]
[EventDate "2011.10.13"]
[EventType "tourn"]
[EventRounds "9"]
[EventCountry "EGY"]
[SourceTitle "EXT 2019"]
[Source "ChessBase"]
[SourceDate "2018.10.10"]
[SourceVersion "1"]
[SourceVersionDate "2018.10.10"]
[SourceQuality "1"]

1. e4 g6 2. d4 Bg7 3. Nc3 d6 4. Be3 a6 5. Qd2 b5 6. f3 Nd7 7. Nh3 Ngf6 8. Bh6 Bxh6 9. Qxh6 e5 10. 0-0-0 Qe7 11. g3 Bb7 12. Nf2 0-0-0 13. Bh3 Kb8 14. Kb1 Nb6 15. Rhe1 Nfd7 16. Nd5 Nxd5 17. exd5 Nb6 18. dxe5 dxe5 19. f4 Nxd5 20. Rxe5 Qb4 21. Nd3 Nc3+ 22. Ka1 Qa4 23. bxc3 Qxc2 24. Rc1 Qxd3 25. Kb2 Qc4 26. Rc2 b4 27. f5 bxc3+ 28. Rxc3 Qb4+ 29. Kc2 Be4+ 30. Rxe4 Qxe4+ 31. Kb2 0-1

[Event "Sohag op"]
[Site "Sohag"]
[Date "2009.03.02"]
[Round "2"]
[White "Aly, Mohamed Hussein"]
[Black "Farahat, Ali"]
[Result "0-1"]
[WhiteElo "2107"]
[BlackElo "2408"]
[PlyCount "84"]
[EventDate "2009.03.02"]
[EventType "swiss"]
[EventRounds "9"]
[EventCountry "EGY"]
[SourceTitle "CBM 129 Extra"]
[Source "ChessBase"]
[SourceDate "2009.05.05"]
[SourceVersion "2"]
[SourceVersionDate "2009.05.20"]
[SourceQuality "1"]

1. e4 e6 2. Nc3 d5 3. exd5 exd5 4. d4 Nf6 5. Bd3 c5 6. Qe2+ Be7 7. dxc5 0-0 8. Bg5 Re8 9. 0-0-0 Nc6 10. Qd2 Be6 11. Nge2 Qa5 12. a3 Qxc5 13. Nb5 Ne4 14. Bxe4 dxe4 15. Bxe7 Rxe7 16. Nbd4 Bg4 17. Qe3 Rc8 18. Nxc6 Qxc6 19. Rd2 Bxe2 20. Qxe2 Qg6 21. g3 Qe6 22. Kb1 Qh3 23. f3 e3 24. Rd3 Rce8 25. Re1 g6 26. f4 h5 27. Qf3 Qxh2 28. Re2 Qg1+ 29. Ka2 f5 30. Rd6 Kh7 31. Rg2 Qxg2 32. Qxg2 e2 33. g4 fxg4 34. f5 e1Q 35. fxg6+ Kg7 36. Qd5 Qe5 37. Qd3 Re6 38. Rd5 Qe4 39. Qc3+ Kxg6 40. Rd7 Rf6 41. Qc7 Rf7 42. Rd6+ Re6 0-1